Les plus grandes villes du bassin de la Loire sur une carte - Statistiques

Statistiques générales
  • Ce quiz a été pris 6 720 fois
  • Le résultat moyen est 13 sur 20
Réponses sur la Carte
Les réponses sont colorées sur une échelle allant du rouge au vert en fonction du pourcentage des utilisateurs qui les ont devinées à leur premier essai. Vous pouvez retrouver ces pourcentages ci-dessous.
 
Statistiques - réponses
Population (2020) Agglomération % Correct
671 693 Nantes
99%
364 325 Tours
89%
245 518 Angers
88%
285 926 Orléans
84%
222 530 Le Mans
82%
189 875 Saint-Nazaire
79%
375 389 Saint-Étienne
74%
273 443 Clermont-Ferrand
73%
133 890 Poitiers
70%
186 224 Limoges
69%
63 311 Laval
65%
68 117 Blois
63%
85 412 Bourges
60%
60 520 Châteauroux
55%
58 231 Nevers
47%
54 357 Cholet
46%
65 794 Vichy
38%
80 593 Roanne
37%
52 165 Montluçon
29%
63 662 Saint-Just-Saint-Rambert
11%
Aucun quiz correspondant
Distribution des résultats
% des personnes avec chaque résultat
Percentile par nombre de réponses
Votre historique - résultats
Vous n’avez pas pris ce quiz